[Event "Auckland Waitangi op"]
[Site "Auckland"]
[Date "2023.02.03"]
[Round "2"]
[White "McLaren, Leonard"]
[Black "Bhatt, Daksh"]
[Result "1-0"]
[WhiteElo "2087"]
[BlackElo "1476"]
[PlyCount "69"]
[EventDate "2023.02.03"]
[EventType "swiss"]
[EventRounds "6"]
[EventCountry "NZL"]
[SourceTitle "EXT 2024"]
[Source "ChessBase"]
[SourceDate "2023.10.10"]
[SourceVersion "1"]
[SourceVersionDate "2023.10.10"]
[SourceQuality "1"]

1. e4 e6 2. d4 d5 3. Nc3 Bb4 4. Nge2 dxe4 5. a3 Bxc3+ 6. Nxc3 Ne7 7. Nxe4 b6 8. Bb5+ Nbc6 9. c3 a6 10. Ba4 Bb7 11. 0-0 0-0 12. Qe2 b5 13. Bc2 Na5 14. Qh5 f5 15. Ng5 h6 16. Nxe6 Qd5 17. Nf4 Qc6 18. f3 g5 19. Nd3 Kg7 20. Nc5 Bc8 21. b3 Nd5 22. f4 gxf4 23. Bxf4 Nxf4 24. Rxf4 Qg6 25. Qxg6+ Kxg6 26. Raf1 Nc6 27. Be4 Rf6 28. g4 Rd6 29. gxf5+ Kf7 30. Bf3 a5 31. b4 axb4 32. axb4 Ra2 33. Re1 Ne7 34. Bh5+ Kf6 35. Ne4+ 1-0

[Event "North Island-ch"]
[Site "Auckland"]
[Date "2022.07.16"]
[Round "6"]
[White "Waiwai, Tane"]
[Black "Bhatt, Daksh"]
[Result "1-0"]
[WhiteElo "1638"]
[BlackElo "1389"]
[PlyCount "47"]
[EventDate "2022.07.14"]
[EventType "swiss"]
[EventRounds "9"]
[EventCountry "NZL"]
[SourceTitle "EXT 2024"]
[Source "ChessBase"]
[SourceDate "2023.10.10"]
[SourceVersion "1"]
[SourceVersionDate "2023.10.10"]
[SourceQuality "1"]

1. e4 e6 2. d4 d5 3. e5 c5 4. c3 Nc6 5. Nf3 Qb6 6. Bd3 Bd7 7. 0-0 cxd4 8. Re1 dxc3 9. Nxc3 Bb4 10. Be3 d4 11. Nxd4 Nxd4 12. Qg4 Kf8 13. Bxd4 Qa5 14. a3 Bxc3 15. Bxc3 Qc7 16. Rac1 a5 17. Bb4+ axb4 18. Qxb4+ Ne7 19. Rxc7 Ke8 20. Qxb7 f5 21. Rxd7 Kf7 22. Rxe7+ Kg6 23. Rxg7+ Kh6 24. Re3 1-0